000
00330nam a22001457a 4500
008
230515b ||||| |||| 00| 0 eng d
020
_a
3919714
041
_a
eng
080
_a
610.73
082
_a
610.73MAN
100
_a
8
101
_a
INF
245
_a
THE SURGICAL CLINICS OF NORTH AMERICA
_c
MANNICK.A.J
942
_2
udc
_c
BK
999
_c
59719
_d
59719